00825nam a2200193 a 450000100100000000500170001000800410002702000150006804000250008308200150010810000250012324500860014826000410023430000270027550000530030250400730035595201860042899900170061400003517820200930074145.0111025s1973 xxu 000 0 spa d a0394468880 aDO-SdBNPbengcBNPHU axxxxbxxxx1 aGuibert, Rita96090710aSeven voice :bseven latin american writers talk to Rita Gilbert /cRita Guibert. aNew York, :bAlfred A. Knopf,c1973. axvii, 436 p. ;c22 cm. aTranslated from the spanish by Frances Partridge aIncluye referencias bibliográficas y notas al pie de las páginas 001050718MOaGRbGRcHDd2011-10-25iLF1l0oxxxx xxxxp35178-10r2020-06-25w2020-06-25y1zPerteneció a la biblioteca personal de Juan Isidro Jimenes Grullón.ZNo se presta c34669d34669